00980nam a2200277 a 450000100060000000300080000600500170001400800410003102000150007203500190008703500120010604000310011804100080014908200250015710000260018224500840020826000510029230000210034350000200036460000400038465000430042465100530046794200120052099900170053295201530054963322BD-RjUL20211209081200.0170129s1987 ii 001 0 eng d a8170440610 a(BD-RjUL)63451 a1812208 aABN:1bengcABN:1dBD-RjUL aeng04a954.045092bGHI 19871 aGhodke, N. B.918843710aIndira Gandhi :bthe most powerful woman of the 20th century /cby N.B. Ghodke. aJaipur (India) :bPrintwell Publishers,c1987. a130 p. ;c23 cm. aIncludes index.10aGandhi, Indira,d1917-1984.9188438 0aPoliticianszIndiaxBiography.9188439 0aIndiaxHistoryy20th centuryxBiography.9188440 2ddccBK c63322d63322 00102ddc40718NFICaRUCLbRUCLcReadingd1989-02-27eKarim Internationalg95.00l0o954.045092 GHI 1987r2017-01-29 00:00:00tC-1w2017-01-29yBK